000 01294nam a2200301 4500
999 _c9109
_d9109
001 9109
003 BD-DhEWU
005 20200302204943.0
008 200302m20182013bg a gr 001 0 ben d
040 _dBD-DhEWU
_aBD-DhEWU
_bben
_cBD-DhEWU
041 _aben
082 _a954.92051
_bIMB 2018
100 1 _aইমাম, এইচ. টি.
_gImam, H. T.
_918610
245 1 0 _aবাংলাদেশ সরকার ১৯৭১-৭৫ /
_cএইচ. টি. ইমাম
246 _aBangladesh Sorkar 1971-75.
250 _aপেপার ব্যাক সংস্করণ
260 _aঢাকা :
_bহাক্কানী পাবলিশার্স,
_c২০১৮.
300 _a674 p. :
_bills. ;
_c24 cm
520 _a Articles on the first government of independent Bangladesh formed in 1971, and the activities of the government during 1971-1975.
526 _aLibrary
590 _aNEWAZ
650 _aBangladesh -- Politics and government -- 1971-
_925091
650 _aPolitics and government.
_925092
653 _aবাংলাদেশ -- সরকার ও রাজনীতি
856 _3WorldCat details
_uhttps://www.worldcat.org/title/bamladesa-sarakara-1971-1975/oclc/876141443&referer=brief_results
942 _2ddc
_cTEXT
953 _a0